<?xml version="1.0" encoding="UTF-8"?>
<collection xmlns="http://www.loc.gov/MARC21/slim">
 <record>
  <leader>01293nam a2200241 a 4500</leader>
  <controlfield tag="001">1/53752</controlfield>
  <controlfield tag="008">210921s2000    gr a     b    000 | gre d</controlfield>
  <datafield tag="020" ind1=" " ind2=" ">
   <subfield code="a">9602440562</subfield>
  </datafield>
  <datafield tag="040" ind1=" " ind2=" ">
   <subfield code="a">GR-PeUP</subfield>
  </datafield>
  <datafield tag="082" ind1="0" ind2="0">
   <subfield code="a">690.892 ZHB</subfield>
  </datafield>
  <datafield tag="100" ind1="1" ind2=" ">
   <subfield code="a">Ζήβας, Διονύσης Α.</subfield>
  </datafield>
  <datafield tag="245" ind1="0" ind2="0">
   <subfield code="a">Προβιομηχανικές αγροτικές εγκαταστάσεις στη Ζάκυνθο / </subfield>
   <subfield code="c">Διονύσης Α. Ζήβας.</subfield>
  </datafield>
  <datafield tag="260" ind1=" " ind2=" ">
   <subfield code="a">Αθήνα : </subfield>
   <subfield code="b">Πολιτιστικό Τεχνολογικό Ίδρυμα ΕΤΒΑ, </subfield>
   <subfield code="c">c2000.</subfield>
  </datafield>
  <datafield tag="300" ind1=" " ind2=" ">
   <subfield code="a">94 σ. : </subfield>
   <subfield code="b">εικ. ; </subfield>
   <subfield code="c">28 εκ.</subfield>
  </datafield>
  <datafield tag="500" ind1=" " ind2=" ">
   <subfield code="a">Περίληψη στα αγγλικά.</subfield>
  </datafield>
  <datafield tag="504" ind1=" " ind2=" ">
   <subfield code="a">Βιβλιογραφία: σ. 87-88.</subfield>
  </datafield>
  <datafield tag="650" ind1=" " ind2="0">
   <subfield code="a">Agricultural buildings </subfield>
   <subfield code="z">Greece</subfield>
   <subfield code="z">Zakynthos (Prefecture).</subfield>
  </datafield>
  <datafield tag="650" ind1=" " ind2="4">
   <subfield code="a">Αγροτικά κτήρια</subfield>
   <subfield code="z">Ελλάδα</subfield>
   <subfield code="z">Ζάκυνθος (Νομός)</subfield>
   <subfield code="z">Ζάκυνθος.</subfield>
  </datafield>
  <datafield tag="650" ind1=" " ind2="4">
   <subfield code="a">Οίνοι και οινοποιία</subfield>
   <subfield code="z">Ελλάδα</subfield>
   <subfield code="z">Ζάκυνθος (Νομός)</subfield>
   <subfield code="z">Ζάκυνθος.</subfield>
  </datafield>
  <datafield tag="650" ind1=" " ind2="4">
   <subfield code="a">Αγροτική ζωή </subfield>
   <subfield code="z">Ελλάδα</subfield>
   <subfield code="z">Ζάκυνθος (Νομός)</subfield>
   <subfield code="z">Ζάςκυνθος.</subfield>
  </datafield>
  <datafield tag="650" ind1=" " ind2="4">
   <subfield code="a">Ανεμόμυλοι </subfield>
   <subfield code="z">Ελλάδα </subfield>
   <subfield code="z">Ζάκυνθος (Νομός)</subfield>
   <subfield code="z">Ζάκυνθος.</subfield>
  </datafield>
  <datafield tag="852" ind1=" " ind2=" ">
   <subfield code="a">INST</subfield>
   <subfield code="b">UNIPILB</subfield>
   <subfield code="c">MAIN</subfield>
   <subfield code="e">20210921</subfield>
   <subfield code="h">690.892 ZHB</subfield>
   <subfield code="p">00174059</subfield>
   <subfield code="q">00174059</subfield>
   <subfield code="t">LOAN</subfield>
   <subfield code="y">0</subfield>
   <subfield code="4">1</subfield>
  </datafield>
  <datafield tag="960" ind1=" " ind2=" ">
   <subfield code="a">ΑΛΜΠΑΝΗ ΤΑΝΙΑ</subfield>
  </datafield>
 </record>
</collection>
